|
|
|
|
| LEADER |
02187nam a2200433 a 4500 |
| 001 |
EBC3019792 |
| 003 |
MiAaPQ |
| 005 |
20200520144314.0 |
| 006 |
m o d | |
| 007 |
cr cn||||||||| |
| 008 |
091123s2010 nyu sb 001 0 eng d |
| 010 |
|
|
|z 2009046486
|
| 020 |
|
|
|z 9781608767694 (softcover)
|
| 020 |
|
|
|z 1608767698 (softcover)
|
| 020 |
|
|
|a 9781613242179 (electronic bk.)
|
| 035 |
|
|
|a (MiAaPQ)EBC3019792
|
| 035 |
|
|
|a (Au-PeEL)EBL3019792
|
| 035 |
|
|
|a (CaPaEBR)ebr10671357
|
| 035 |
|
|
|a (OCoLC)730514976
|
| 040 |
|
|
|a MiAaPQ
|c MiAaPQ
|d MiAaPQ
|
| 043 |
|
|
|a n-us---
|
| 050 |
|
4 |
|a HD6250.U3
|b C443 2010
|
| 082 |
0 |
4 |
|a 331.3/10973
|2 22
|
| 245 |
0 |
0 |
|a Child labor in America
|h [electronic resource] /
|c Ian C. Rivera and Natasha M. Howard, editors.
|
| 260 |
|
|
|a New York :
|b Nova Science Publishers,
|c c2010.
|
| 300 |
|
|
|a 88 p.
|
| 490 |
1 |
|
|a Children's issues, laws and programs series
|
| 504 |
|
|
|a Includes bibliographical references and index.
|
| 505 |
0 |
|
|a Child labor enforcement hearing : testimony of Norma Flores to the House Education and Labor Committee's subcommitte [sic] on workforce protections / Norma Flores -- Child labor enforcement hearing : testimony by Sally Greenberg -- Child labour enforcement : are we adequately protecting our children? / Alexander J. Passantino -- Child labor enforcement hearing : testimony of David A. Strauss / David A. Strauss -- Child labor enforcement : are we adequately protecting our children? / Lynn Woolsey -- Child labor in America : history, policy, and legislative issues / Gerald Mayer.
|
| 533 |
|
|
|a Electronic reproduction. Ann Arbor, MI : ProQuest, 2015. Available via World Wide Web. Access may be limited to ProQuest affiliated libraries.
|
| 650 |
|
0 |
|a Child labor
|z United States.
|
| 650 |
|
0 |
|a Child labor
|x Government policy
|z United States.
|
| 650 |
|
0 |
|a Child labor
|x Law and legislation
|z United States.
|
| 655 |
|
4 |
|a Electronic books.
|
| 700 |
1 |
|
|a Rivera, Ian C.
|
| 700 |
1 |
|
|a Howard, Natasha M.
|
| 710 |
2 |
|
|a ProQuest (Firm)
|
| 830 |
|
0 |
|a Children's issues, laws and programs series.
|
| 856 |
4 |
0 |
|u https://ebookcentral.proquest.com/lib/matrademy/detail.action?docID=3019792
|z Click to View
|